Dinámica
Guardat en:
| Autor principal: | |
|---|---|
| Format: | Llibre |
| Idioma: | espanyol |
| Publicat: |
Barcelona
Reverté
1981
|
| Edició: | 2a. ed |
| Matèries: | |
| Etiquetes: |
Afegir etiqueta
Sense etiquetes, Sigues el primer a etiquetar aquest registre!
|
MARC
| LEADER | 00000nam a2200000 a 4500 | ||
|---|---|---|---|
| 001 | UCP0548 | ||
| 003 | CL-VaPUC | ||
| 008 | 990313e19810000SP |||||||||||||||||spa|d | ||
| 082 | 0 | 4 | |a 620.104 |b MER |2 21 |
| 100 | |a Meriam, James L. |e autor |9 535784 | ||
| 245 | 1 | 0 | |a Dinámica |
| 250 | |a 2a. ed | ||
| 300 | |a 629 p | ||
| 942 | |c BK | ||
| 945 | |d 19990313 00:00:00 |a lriquelm | ||
| 260 | |a Barcelona |b Reverté |c 1981 | ||
| 650 | 0 | |a Dinámica |9 260136 | |
| 650 | 0 | |a Cinemática |9 260942 | |
| 650 | 0 | |a Cinética |9 260943 | |
| 650 | 0 | |a Vibración |9 260216 | |
| 650 | 0 | |a Vectores |9 317184 | |
| 650 | 0 | |a Matrices |9 22 | |
| 583 | |a last modification |c 19990313 00:00:00 |k Rodrigo Vera | ||
| 999 | |c 279314 |d 279312 | ||